000 00920nam a22002417a 4500
008 240605b mp ||||| |||| 00| 0 mon d
020 _a978-9919-26-521-2
035 _a30799
040 _aHE0623081
_bmon
_cMN-UlNLM
_dMN-UlNLM
_erda
041 _amon
042 _a73711
084 _2NNA
_a74.2
_bЭ.739
100 _aНацагням Б., Эрдэнэбулган У.
245 0 _aМатематик 800
264 _aУБ.
_bАлмаз пресс
_c2022
300 _a362х.
336 _2rdacontent
_atext
_btxt
337 _2rdamedia
_aunmediated
_bn
338 _2rdacarrier
_avolume
_bnc
650 _aНом үндсэн хоёр хэсгээс бүрдэх бөгөөд эхний хэсэгт 2017-2021 оны математикийн элсэлтийн шалгалтын материалиудыг бүрэн эхээр нь, ...
942 _2NNA
_cBK
999 _c895638
_d895695